| 000 | 00607nam a2200205 u 4500 | ||
|---|---|---|---|
| 005 | 20210223133125.0 | ||
| 008 | 161115s2014 r 000 0 eng d | ||
| 020 | _a9788499215317 | ||
| 035 | _aUPN01000214746 | ||
| 049 | _aCG | ||
| 050 | 4 |
_aLB775 M8 _bF6.5 |
|
| 100 | 1 |
_aFoschi, Renato _940069 |
|
| 245 | 1 | 0 |
_aMaria Montessori / _cRenato Foschi ; tr. Rafael Hidalgo. |
| 260 |
_aBarcelona, Esp. : _bOctaedro, _c2014. |
||
| 300 |
_a197 p. : _bil. |
||
| 440 | 0 |
_aEducación comparada e internacional. _pRetratos crÃticos |
|
| 600 | 1 | 4 |
_aMONTESSORI, MARIA, _d1870-1952 |
| 905 | _aLibro | ||
| 999 |
_c186846 _d186846 |
||